Austris contemporary / (Record no. 940)

MARC details
000 -LEADER
campo de control de longitud fija 00607nam a22002057a 4500
008 - DATOS DE LONGITUD FIJA--INFORMACIÓN GENERAL
campo de control de longitud fija 160604s2008 au||||| |||| 00| 0 eng d
020 ## - NÚMERO INTERNACIONAL ESTÁNDAR DEL LIBRO
Número Internacional Estándar del Libro 9783902001474
082 04 - NÚMERO DE LA CLASIFICACIÓN DECIMAL DEWEY
Número de clasificación 708
Número de ítem K865a
100 1# - ENTRADA PRINCIPAL--NOMBRE DE PERSONA
Nombre de persona Humpl, Christine.
9 (RLIN) 5150
245 10 - MENCIÓN DEL TÍTULO
Título Austris contemporary /
Mención de responsabilidad, etc. curador Christine Humpl y Günther Oberhollenzer.
250 ## - MENCION DE EDICION
Mención de edición 1a ed.
260 ## - PUBLICACIÓN, DISTRIBUCIÓN, ETC.
Lugar de publicación, distribución, etc. Austria :
Nombre del editor, distribuidor, etc. ESSL Museum,
Fecha de publicación, distribución, etc. 2008.
300 ## - DESCRIPCIÓN FÍSICA
Extensión 180 p.
Otras características físicas il. col.
650 #4 - PUNTO DE ACCESO ADICIONAL DE MATERIA--TÉRMINO DE MATERIA
Término de materia o nombre geográfico como elemento de entrada Austria
9 (RLIN) 5151
653 10 - TÉRMINO DE INDIZACIÓN--NO CONTROLADO
Término no controlado Arte Moderno
653 10 - TÉRMINO DE INDIZACIÓN--NO CONTROLADO
Término no controlado Exhibiciones
653 10 - TÉRMINO DE INDIZACIÓN--NO CONTROLADO
Término no controlado Artistas
653 10 - TÉRMINO DE INDIZACIÓN--NO CONTROLADO
Término no controlado Catálogo de exhibición
700 1# - ENTRADA AGREGADA--NOMBRE PERSONAL
Nombre de persona Oberhollenzer, Günter.
Término indicativo de función/relación curador.
9 (RLIN) 5152
Holdings
Estatus retirado Estado de pérdida Fuente del sistema de clasificación o colocación Estado de daño No para préstamo Biblioteca de origen Biblioteca actual Ubicación en estantería Fecha de adquisición Total de préstamos Signatura topográfica completa Código de barras Visto por última vez Precio de reemplazo Tipo de ítem Koha
    Clasificación Decimal Dewey     Biblioteca LadoV Biblioteca LadoV   04/06/2016   708 K865a 004193 04/06/2016 04/06/2016 Material 01